Passé Composé in Être form - Statistics

General Stats
  • This quiz has been taken 72 times
  • The average score is 12 of 16
Answer Stats
Hint Answer % Correct
A Aller
91%
D Devenir
87%
M Mourir
87%
N Naitre
87%
S Sortir
83%
V Venir
83%
D Descendre
78%
R Rentrer
78%
R Revenir
78%
T Tomber
74%
A Arriver
70%
E Entrer
70%
M Monter
70%
P Partir
70%
R Retourner
61%
R Rester
57%
No matching quizzes found
Score Distribution
Percent of People with Each Score
Percentile by Number Answered
Your Score History
You have not taken this quiz